Stadiums of 1986 FIFA World Cup with a Map - Statistics

General Stats
  • This quiz has been taken 7 times
  • The average score is 9 of 12
Answers on the Map
Answers color-coded by a green-red scale on the quiz's map according to % correct below.
 
Answer Stats
Stadium % Correct
Estadio Azteca
100%
Estadio Cuauhtémoc
80%
Estadio Jalisco
80%
Estadio León
80%
Estadio Olímpico Universitario
80%
Estadio Universitario (UANL)
80%
Estadio Corregidora
60%
Estadio Nemesio Díez Riega
60%
Estadio Neza 86
60%
Estadio Sergio León Chávez
60%
Estadio Tecnológico
60%
Estadio Tres de Marzo
60%
No matching quizzes found
Score Distribution
Percent of People with Each Score
Percentile by Number Answered
Your Score History
You have not taken this quiz